Crowd-Sourced General Knowledge #3 - Statistics

General Stats
  • This quiz has been taken 52,510 times
  • The average score is 12 of 20
Answer Stats
Question Answer % Correct
What kind of fish was Nemo from the movie "Finding Nemo"? Clownfish
93%
What did Mary Poppins use to fly? Umbrella
88%
According to the song, what are a "girl's best friend"? Diamonds
78%
What is the only country in the world whose name in English begins with the letter O? Oman
77%
What city was the site of the John F. Kennedy assassination? Dallas
73%
What single word refers to a period of time lasting 14 days? Fortnight
72%
What country was Osama bin Laden hiding in when he was killed by U.S. troops in 2011? Pakistan
69%
What breed of dog did Queen Elizabeth II own several of? Welsh Corgi
65%
In what book would you find the quote "some animals are more equal than others"? Animal Farm
63%
On which British holiday did the 2004 tsunami occur? {Boxing} Day
59%
Who is Bolivia named after? Simón Bolívar
56%
What make of car did James Bond drive in the movie "Goldfinger"? Aston Martin
52%
What Italian dessert literally means "pick me up"? Tiramisu
50%
What weapon is used in Tchaikovsky's "1812 Overture"? Cannon
49%
Who is the only British man to win a singles title at Wimbledon since 1936? Andy Murray
48%
What happens in chess when a player is not in check but also can't make a legal move? Stalemate
45%
What city-state did Rome fight against during the Punic Wars? Carthage
43%
What is the most populous island in the United States? Long Island
35%
What is ascorbic acid commonly known as? Vitamin C
27%
What is the biggest city in central Australia? Alice Springs
25%
No matching quizzes found
Score Distribution
Percent of People with Each Score
Percentile by Number Answered
Your Score History
You have not taken this quiz